<?xml version="1.0" encoding="UTF-8"?><?xml-stylesheet type="text/xsl" href="static/style.xsl"?><OAI-PMH xmlns="http://www.openarchives.org/OAI/2.0/" xmlns:xsi="http://www.w3.org/2001/XMLSchema-instance" xsi:schemaLocation="http://www.openarchives.org/OAI/2.0/ http://www.openarchives.org/OAI/2.0/OAI-PMH.xsd"><responseDate>2026-06-01T04:34:01Z</responseDate><request verb="GetRecord" identifier="oai:riuma.uma.es:10630/27221" metadataPrefix="marc">https://riuma.uma.es/rest/oai/request</request><GetRecord><record><header><identifier>oai:riuma.uma.es:10630/27221</identifier><datestamp>2026-02-03T12:20:31Z</datestamp><setSpec>com_10630_2254</setSpec><setSpec>col_10630_37959</setSpec></header><metadata><record xmlns="http://www.loc.gov/MARC21/slim" xmlns:dcterms="http://purl.org/dc/terms/" xmlns:doc="http://www.lyncode.com/xoai" xmlns:xsi="http://www.w3.org/2001/XMLSchema-instance" xsi:schemaLocation="http://www.loc.gov/MARC21/slim http://www.loc.gov/standards/marcxml/schema/MARC21slim.xsd">
   <leader>00925njm 22002777a 4500</leader>
   <datafield ind2=" " ind1=" " tag="042">
      <subfield code="a">dc</subfield>
   </datafield>
   <datafield ind2=" " ind1=" " tag="720">
      <subfield code="a">Jambrino-Maldonado, Carmen</subfield>
      <subfield code="e">author</subfield>
   </datafield>
   <datafield ind2=" " ind1=" " tag="720">
      <subfield code="a">De-las-Heras-Pedrosa, Carlos</subfield>
      <subfield code="e">author</subfield>
   </datafield>
   <datafield ind2=" " ind1=" " tag="720">
      <subfield code="a">Rando-Cueto, Dolores</subfield>
      <subfield code="e">author</subfield>
   </datafield>
   <datafield ind2=" " ind1=" " tag="720">
      <subfield code="a">Jimenez Marín, Gloria</subfield>
      <subfield code="e">author</subfield>
   </datafield>
   <datafield ind2=" " ind1=" " tag="260">
      <subfield code="c">2023</subfield>
   </datafield>
   <datafield ind2=" " ind1=" " tag="520">
      <subfield code="a">Purpose - Organizational happiness has received exponentially attention in the last five years. To offer an overview for future research a gap, this article produces a comprehensive review by combining bibliometric analysis and interviews to key authors in the field. The main objective of this paper is to show the state of research regarding the environment in the management of hap-piness in organizations: the evolution of scientific activity, current trends in authorship, topics and future setting research agenda. &#xd;
Design/methodology/approach - The methodological process focuses on a systematic review of the relevant literature; bibliometric analysis and network mapping in the Web of Science and Scopus databases; bibliometric network analysis of authorship, citation and co-occurrence of key words in scientific publications. After the bibliometric analysis, in-depth interviews with authors of the most influential research were carried out to explore gaps, challenges and oppor-tunities for the conceptual framework of happiness management in organizations.. &#xd;
Findings - The results reveal that Happiness Management is gaining importance and, moreover, more than half of the publications about happiness management are related to the environment in which the organizations are immersed. Therefore, the study provides some research directions and insists on role of environment to better understand the theoretical and practical perspectives. &#xd;
Originality/value - Conclusions are drawn that promoting Corporate Social Responsibility strategies, aimed at fostering sustainability and care for the environment result in the well-being of organizations and the performance of their workers are highlighted.</subfield>
   </datafield>
   <datafield ind1="8" ind2=" " tag="024">
      <subfield code="a">https://hdl.handle.net/10630/27221</subfield>
   </datafield>
   <datafield tag="653" ind2=" " ind1=" ">
      <subfield code="a">Felicidad</subfield>
   </datafield>
   <datafield tag="653" ind2=" " ind1=" ">
      <subfield code="a">Psicología de las organizaciones</subfield>
   </datafield>
   <datafield ind2="0" ind1="0" tag="245">
      <subfield code="a">Exploring the domain of relationship between happiness management in organizations and the environment.</subfield>
   </datafield>
</record>
</metadata></record></GetRecord></OAI-PMH>